00969 2200313 4500001002100000005001500021035002000036007000300056008004100059040002200100100003700122245012300159300003000282504003300312020002200345082001400367084001600381090002200397250002600419264003400445336002100479337003000500338002300530650002500553700002100578850001200599999002200611990002200633INLIS00000000087668120230410021336 a0010-0223000549ta230227s2021 yoi g ind d aYOPDYOGbinderda0 aTristanti Tri Wahyuniepengarang10aSudah bukan waktunya jadi bucin! :bmove on adalah balas dendam yang elegan /cTristanti Tri Wahyuni; penyunting, Dyas avii, 134 halaman ;c20 cm aBibliografi: halaman 132-133 a978-623-7333-90-604223a153.8 a153.8 TRI s aCB-D.11 2021-3904 aCetakan pertama, 202131aSleman :bC-Klik Media,c2021 2rdacontentateks 2rdamediaatanpa perantara 2rdacarrieravolume 4aMotivasi (Psikologi)0 aDyasepenyunting aYOPDYOG aCB-D.11/2021-3904 aCB-D.11/2021-3904